01086nam a2200241 a 4500001001000000003000900010005001700019007000300036008004100039040002500080049000900105082000700114245022800121260006100349300002000410490006000430490001700490830009000507942001400597952010500611952011100716999001700827000030916DO-SdBNP20250923111605.0ta110606s1984 dr 000 0 spa d aDO-SdBNPbspacBNPHU aBNPD 422200aDiscurso del dr. Fernando Sánchez Martínez, rector de la Universidad Autónoma de Santo Domingo en la primera investidura ordinaria del Centro Regional Universitario del Noroeste-CURNO -celebrada el 8 de abril de 1984. aSanto Domingo :bUniversidad Autónoma de Santo,c1984. a18 p. ;c22 cm.1 aPubicaciones de la Universidad Autónoma de Santov3381 aDiscursosv20 aPublicaciones de la Universidad Autónoma de Santo Domingov338pDiscursosn2938357 2ddccLBS1 0010718PDaPDbPDcHDd2011-06-06iLF1l0o p30916-10r2020-06-25w2020-06-25yLFPDZNo se presta 0010718PDaPDbPDcHDd2011-06-06iLF1l0o p30916-20r2020-06-25te. 2w2020-06-25yLFPDZNo se presta c30408d30408